| 000 | 01135nam a2200229Ia 4500 | ||
|---|---|---|---|
| 001 | L268-21879 | ||
| 003 | IT-CnALBA | ||
| 008 | 170116s9999||||xx |||||||||||||| ||und|| | ||
| 040 |
_aIT-CnALBA _cIT-CnALBA |
||
| 041 | _aITALIANO | ||
| 100 | _aCASTELLANI DON ITALO | ||
| 245 | 0 | _aVA'. SII PROFETA TRA LA GENTE CAMPO VOCAZIONALE GIOVANI 1988 | |
| 250 | _a1a ed. | ||
| 260 |
_a ROMA _bVOCAZIONI CENTRO NAZIONALE ITAL. _c1988 [1° Ed.: n.d.] |
||
| 300 | _a66 p. | ||
| 500 | _aCAMPI SE VUOI. RIVISTA DELLE SUORE APOSTOLINE PER TUTTE LE VOCAZIONI. PER L'ANIMATORE. GIORNATA DEL CAMPO. NOSTRA STORIA. PROTAGONISTI. RISCHIO DI ANDARE. DIO CON ME. PER LA COSTRUZIONE DEL REGNO. PROFETA OGGI TRA LA GENTE. | ||
| 501 | _aSocietà San Paolo EM - Piazza San Paolo, 14 - 12051 ALBA (CN) (non commercial uses only) ® Copyright 2017 | ||
| 520 | _aCAMPI SE VUOI. RIVISTA DELLE SUORE APOSTOLINE PER TUTTE LE VOCAZIONI. PER L'ANIMATORE. GIORNATA DEL CAMPO. NOSTRA STORIA. PROTAGONISTI. RISCHIO DI ANDARE. DIO CON ME. PER LA COSTRUZIONE DEL REGNO. PROFETA OGGI TRA LA GENTE. | ||
| 650 | _aCATECHESI | ||
| 942 | _cBK | ||
| 957 | _71 | ||
| 999 |
_a26621 _bNO _g Copie: 1 _c280983 _d280983 |
||